[Event "17th Asian Continental-ch Open 2018"]
[Site "Makati City"]
[Date "2018.12.15"]
[Round "6"]
[White "Vokhidov, Shamsiddin"]
[Black "Nguyen, Ngoc Truong Son"]
[Result "0-1"]
[WhiteElo "2480"]
[BlackElo "2641"]
[Annotator "TA"]
[PlyCount "90"]
[EventDate "2018.12.07"]
[EventType "swiss"]
[EventRounds "9"]
[EventCountry "PHI"]
[SourceTitle "playchess.com"]
[Source "ChessBase"]
[SourceQuality "1"]

{[%evp 22,90,0,0,0,0,22,0,1,-43,-51,-51,-47,-54,-40,-37,-40,-41,-42,-41,-45,-54,-55,-55,-55,-58,-58,-84,-70,-57,-55,-82,-79,-79,-79,-130,-81,-69,-63,-70,-74,-109,-87,-105,-82,-61,-67,-184,-131,-193,-187,-193,-154,-443,-420,-439,-420,-440,-209,-427,-408,-577,-579,-532,-512,-627,-626,-620,-589,-689,-645]} 1. e4 c5 2. Nf3 d6 3. d4 cxd4 4. Nxd4 Nf6 5. Nc3 a6 6. Be2 e5 7. Nb3 Be7 8. Bg5 Be6 9. Bxf6 Bxf6 10. Qd3 {B92: Sicilian Najdorf: 6 Be2} Be7 11. O-O-O $146 (11. Rd1 Nd7 12. Nd5 Bxd5 13. Qxd5 b5 14. Bg4 Nf6 15. Qc6+ Kf8 16. Bh3 g6 17. O-O Kg7 {0-1 (56) Nisipeanu,L (2672)-Giri,A (2782) Dortmund 2018}) 11... Nd7 12. g3 {LiveBook: 6 Games. The position is equal.} b5 13. f4 Nb6 14. Na5 Qc7 15. Nd5 Bxd5 $1 16. exd5 exf4 17. Nc6 O-O 18. gxf4 Bf6 19. Qf5 {[#] Black must now prevent Bd3.} Qd7 20. Qxd7 Nxd7 21. Bg4 Nc5 22. Rhe1 Rfe8 23. Bf3 g6 24. Kb1 Bh4 25. Rxe8+ Rxe8 26. Rf1 Kg7 27. Kc1 Bf6 28. Bg4 ({Better is} 28. Rd1) 28... h5 29. Bf3 Kh6 30. a3 Bg7 31. Rg1 Kh7 32. f5 Kh6 ({Much weaker is} 32... gxf5 $6 33. Bxh5 Bh6+ 34. Kb1 $11) 33. fxg6 fxg6 34. c3 (34. Rf1 $15) 34... g5 (34... Nd3+ $19 35. Kb1 g5) 35. Kd2 (35. Kc2 $17 {is a better defense.}) 35... g4 $19 36. Bg2 Bf6 37. Rf1 $2 (37. Nd4 $17) 37... Bg5+ 38. Kd1 Nd3 39. Nd4 Nxb2+ 40. Kc2 Nc4 41. Nf5+ (41. Kd3 {was called for.} Re3+ 42. Kc2) 41... Kg6 {[#] Threatens to win with ...Re2+.Black is clearly winning.} 42. Rf2 Re5 43. Kd3 {and the idea Be4 leaves White hopeful.} Rxf5 44. Be4 Ne5+ 45. Kc2 Nf3 {Accuracy: White = 45%, Black = 82%.} 0-1

[Event "17th Asian Continental-ch Open 2018"]
[Site "Makati City"]
[Date "2018.12.15"]
[Round "6.10"]
[White "Amartuvshin, Ganzorig"]
[Black "Adhiban, B.."]
[Result "1/2-1/2"]
[WhiteElo "2376"]
[BlackElo "2695"]
[Annotator "TA"]
[PlyCount "106"]
[EventDate "2018.12.07"]
[EventType "swiss"]
[EventRounds "9"]
[EventCountry "PHI"]

{[%evp 9,106,5,28,0,0,0,0,0,0,-8,0,-18,-17,-14,-18,-15,13,-8,-19,-47,-16,-19,-8,-17,-15,-27,11,12,23,-12,1,-29,0,0,0,0,0,0,0,1,24,7,65,12,12,7,115,7,11,6,6,0,0,0,62,0,0,0,0,0,0,0,0,0,0,0,0,0,0,0,0,-38,0,-21,0,0,0,0,0,4,20,21,19,19,6,0,0,0,0,0,0,0,0,0,0,0,0,0,0]} 1. d4 {[%cal Bd2d4,Bd4d5][%mdl 32]} d6 2. c4 e5 3. d5 Be7 4. e4 Bg5 5. Nd2 Ne7 6. Ngf3 {A41: 1 d4 d6: Tartakower System and Modern Defence} Bh6 7. Be2 $146 ({Predecessor:} 7. Bd3 O-O 8. O-O c5 9. a3 a5 10. Rb1 Na6 11. b3 g6 {½-½ (29) Sundararajan,K (2400)-Shyam,S (2507) Kolkata 2014}) 7... O-O 8. O-O a5 9. c5 Na6 10. cxd6 cxd6 11. Nc4 Bxc1 12. Rxc1 Nc5 13. Nfd2 {Black should prevent Nxe5.} b6 14. f3 f5 (14... b5 $5 {[%cal Rb5c4]} 15. Na3 Bd7 $11) 15. Nb3 Ng6 16. Nxc5 bxc5 17. exf5 Rxf5 18. Bd3 Rf6 19. Bxg6 Rxg6 20. Rf2 a4 21. Nd2 Bd7 22. Ne4 Rb8 23. a3 Rb6 24. Qd2 Rb3 25. f4 {[#] And now fxe5 would win.} exf4 (25... Qh4 $11) 26. Qxf4 ({Better is} 26. Rxf4 $14 Bb5 27. Re1) 26... Qe7 $11 27. Re1 {Strongly threatening Ree2.} Rd3 (27... h6 $11) 28. Qc1 (28. Rff1 $16 Rxd5 {[#]} 29. Nxc5 $1 {[%mdl 512]}) 28... Qh4 29. Qc2 Rf3 ({Wrong is} 29... Rxd5 $2 30. Qc4 $18) 30. g3 Rxf2 31. Qxf2 h6 (31... Qd8 $11) 32. Qf3 (32. Nxd6 $1 $14 Qd4 33. Qxd4 cxd4 34. Nc4) 32... Qd8 33. Qf4 Qa8 34. Rd1 ({Much worse is} 34. Nxd6 Qxd5 35. Nc8 Bxc8 $17) 34... Kh7 35. Qf7 Bh3 36. Re1 Qa5 37. Qf2 Qa8 38. Qf3 Qb8 39. Qc3 Bf5 40. Re3 Qb5 41. Qd2 {The position is equal.} Qc4 42. Nc3 $1 Qd4 43. Qf2 Bd3 {White must now prevent ...Rf6.} 44. Rf3 Rg4 45. h3 Qxf2+ $1 46. Kxf2 {[%mdl 4096] Endgame KRB-KRN} Rd4 47. Rf4 Rxf4+ 48. gxf4 {KB-KN} Bc2 $1 49. Ke3 Kg6 50. Nb5 Bb3 51. Ke4 Bc2+ 52. Ke3 Bb3 53. Ke4 Bc2+ {Accuracy: White = 45%, Black = 64%.} 1/2-1/2

[Event "17th Asian Continental-ch Open 2018"]
[Site "Makati City"]
[Date "2018.12.16"]
[Round "7"]
[White "Wang, Hao"]
[Black "Ganguly, Surya Shekhar"]
[Result "0-1"]
[WhiteElo "2730"]
[BlackElo "2621"]
[Annotator "TA"]
[PlyCount "64"]
[EventDate "2018.12.07"]
[EventType "swiss"]
[EventRounds "9"]
[EventCountry "PHI"]
[SourceTitle "playchess.com"]
[Source "ChessBase"]
[SourceQuality "1"]

{[%evp 24,64,7,20,37,28,36,29,35,16,30,9,15,0,0,0,0,0,0,4,17,-14,-14,-13,-12,-21,-21,-110,-115,-343,-341,-347,-318,-316,-330,-707,-707,-685,-677,-677,-671,-669,-627]} 1. e4 e5 2. Nf3 Nc6 3. Bc4 Bc5 4. d3 Nf6 5. O-O O-O 6. Nbd2 d6 7. c3 a6 8. Bb3 Be6 9. Bc2 {C54: Giuoco Piano: 4 c3 Nf6, main lines with 5 d4 and 5 d3} d5 10. exd5 Bxd5 11. h3 Re8 12. Re1 h6 13. b4 {[#] LiveBook: 7 Games} Bf8 $146 ({Predecessor:} 13... Ba7 14. a4 b5 15. Bb2 Qb8 16. Nf1 Qb6 {0-1 (68) Hou,Y (2673)-Eljanov,P (2760) Wijk aan Zee 2016}) 14. a4 g6 15. Ne4 Bg7 16. Bd2 Nd7 {[%cal Bf6d7,Bd7f8,Bf8e6,Be6d4][%mdl 32]} 17. b5 Ne7 18. Bb3 axb5 19. Bxd5 Nxd5 20. axb5 Rxa1 21. Qxa1 Nf8 22. c4 Nf4 23. Bxf4 exf4 24. d4 Ne6 25. Qc1 (25. Ned2 $11 {remains equal.}) 25... Nxd4 $17 ({Don't do} 25... Bxd4 26. Rd1 $11) 26. Qxf4 $2 (26. Qd1 $17) 26... f5 $19 27. Nxd4 Bxd4 28. Qxh6 Re6 {[%mdl 64] Pin} ({Worse is} 28... fxe4 29. Qxg6+ Kf8 30. Qh6+ Kg8 31. Qg6+ Kf8 32. Qh6+ Bg7 33. Qf4+ Bf6 34. Rxe4 $11) 29. Rd1 $2 (29. g3) 29... fxe4 {Black is clearly winning.} 30. Qe3 Rd6 31. Qxe4 {[#]} Bxf2+ $1 {[%mdl 512]} 32. Kxf2 {[#] Hoping for Qxg6+!} Qf6+ $1 {Accuracy: White = 29%, Black = 74%.} ({Weaker is} 32... Rxd1 33. Qxg6+ Kh8 34. Qh6+ Kg8 35. Qg6+ Kf8 36. Qh6+ Kf7 37. Qh5+ Ke6 38. Qg4+ Kf6 39. Qh4+ Kg6 40. Qg4+ Kh6 41. Qe6+ Kh7 42. Qe4+ Kh8 43. Qe5+ Kh7 44. Qe4+ Kh6 45. Qe6+ Kg7 46. Qg4+ Kh6 47. Qe6+ $11) 0-1

[Event "17th Asian Continental-ch Open 2018"]
[Site "Makati City"]
[Date "2018.12.16"]
[Round "7"]
[White "Le, Quang Liem"]
[Black "Xu, Yi"]
[Result "1-0"]
[WhiteElo "2714"]
[BlackElo "2533"]
[Annotator "TA"]
[PlyCount "113"]
[EventDate "2018.12.07"]
[EventType "swiss"]
[EventRounds "9"]
[EventCountry "PHI"]
[SourceTitle "playchess.com"]
[Source "ChessBase"]
[SourceQuality "1"]

{[%evp 17,113,0,0,0,0,0,0,0,0,0,0,3,23,-10,28,19,32,29,31,34,68,66,83,73,70,71,72,62,63,73,65,29,47,50,62,48,80,15,33,0,77,60,74,18,11,10,49,40,39,47,48,8,8,8,365,365,350,334,350,341,558,309,309,306,306,274,293,283,275,276,258,252,229,251,197,179,339,345,338,330,311,292,320,270,1279,1311,1966,902,766,722,5065,312,4823,4671,6111,5285,1541,1127]} 1. c4 Nf6 2. Nc3 e6 3. e4 d5 4. cxd5 exd5 5. e5 Ne4 6. Nf3 Bf5 {A18: English Opening: Flohr-Mikenas System (1 c4 Nf6 2 Nc3 e6 3 e4)} 7. d3 Nxc3 8. bxc3 c5 9. d4 c4 {LiveBook: 5 Games} 10. a4 Nc6 11. Be2 Be7 12. O-O O-O 13. Ne1 {[%cal Bf3e1,Be1c2,Bc2e3][%mdl 32]} f6 14. exf6 {[#]} Bxf6 $146 ({Predecessor:} 14... Rxf6) 15. Nc2 Na5 16. Ba3 Be7 17. Ne3 Bxa3 18. Rxa3 Be6 19. Ra2 Qd6 20. Re1 Rae8 21. Bf3 Bf7 22. g3 a6 23. Rae2 Kh8 24. Bg4 b5 25. axb5 axb5 26. Nf5 Qd8 27. Qa1 (27. Rxe8 $16 Bxe8 28. Re6) 27... Rxe2 $11 28. Rxe2 (28. Bxe2 b4 $15) 28... Bg6 (28... b4 $11) 29. Ne7 $16 Be4 {Hoping for ...b4.} 30. f3 (30. Qa3 $16) 30... Qxe7 $11 31. Qxa5 Qg5 32. Qb4 $36 {[%cal Rb4f8][%mdl 2048] White is pushing.} Ra8 33. Qxb5 h5 $1 {[%cal Rh5g4]} 34. fxe4 Qxg4 $14 {[%mdl 4096] Endgame KQR-KQR} 35. Re1 h4 $2 {[%mdl 8192]} (35... Rf8 $11 {and Black is okay.}) 36. Qxd5 $18 Rf8 {( -> ...Qf3)} 37. e5 $1 {[%cal Be4e5,Be5e6][%mdl 32]} ({Don't take} 37. Qxc4 hxg3 38. Qe2 Qg5 $18) 37... hxg3 {[#]} 38. Qg2 $1 Rf3 $2 (38... Kg8 39. Qxg3 Qf5) 39. e6 Re3 40. Qa8+ Kh7 41. Rxe3 {Qe4+ would kill now.} Qd1+ 42. Kg2 Qd2+ 43. Kxg3 {Intending Qe4+ and mate.} ({But not} 43. Kf3 Qf2+ 44. Kg4 (44. Ke4 Qg2+ 45. Kf4 g5+ 46. Kxg5 Qxa8 $17) 44... Qxe3 $16) 43... Qxe3+ {KQ-KQ} 44. Qf3 Qxe6 {[#]} 45. Qh5+ $1 Kg8 46. Kf4 Qf6+ $2 (46... Qb6 {keeps fighting.} 47. Qd5+ Kh7 48. Qxc4 Qd6+ 49. Kf3 Qxh2 50. Qd3+ Kg8) 47. Ke4 Qf1 48. Kd5 Qd3 49. Qe8+ Kh7 50. Qe1 g5 $2 (50... Qh3 51. Kxc4 Qxh2) 51. Kc5 Qc2 52. Qe7+ (52. d5 $142 Qf5 53. Qe6 Qf2+ 54. Kxc4) 52... Kg6 53. Qe6+ Kh5 54. Qh3+ Kg6 55. d5 {White is clearly winning.} Qd3 56. Qe6+ Kh5 57. Qe5 {Accuracy: White = 71%, Black = 44%.} 1-0

[Event "17th Asian Continental-ch Open 2018"]
[Site "Makati City"]
[Date "2018.12.16"]
[Round "7"]
[White "Ni, Hua"]
[Black "Maghsoodloo, Parham"]
[Result "0-1"]
[WhiteElo "2683"]
[BlackElo "2688"]
[Annotator "TA"]
[PlyCount "98"]
[EventDate "2018.12.07"]
[EventType "swiss"]
[EventRounds "9"]
[EventCountry "PHI"]
[SourceTitle "playchess.com"]
[Source "ChessBase"]
[SourceQuality "1"]

{[%evp 21,98,33,60,16,47,41,58,31,54,35,52,35,41,54,67,68,55,65,33,7,24,9,6,17,6,8,8,12,12,-8,7,10,18,0,2,-29,-29,-22,-19,-33,-55,-66,-47,-80,-79,-143,-170,-230,-230,-261,0,-308,-283,-345,-345,-348,-342,-525,-445,-445,-631,-626,-604,-601,-583,-575,-565,-752,-752,-744,-738,-732,-718,-837,-829,-708,-668,-659,-640]} 1. d4 Nf6 2. c4 e6 3. g3 c5 4. d5 exd5 5. cxd5 d6 6. Nc3 g6 7. Nf3 Bg7 8. Bg2 O-O 9. O-O Re8 10. Re1 a6 11. a4 b6 {LiveBook: 3 Games} 12. h3 {A62: Modern Benoni: Fianchetto Variation without early ...Nbd7} (12. Bf4 Ra7 13. e4 Bg4 14. Qc2 Bxf3 15. Bxf3 h6 16. e5 dxe5 17. Rxe5 Rxe5 18. Bxe5 Nbd7 19. Bf4 g5 {0-1 (49) Dziuba,M (2584)-Navara,D (2732) Czech Republic 2017}) 12... Nbd7 13. e4 Qc7 14. Bd2 $146 {White is slightly better.} ({Predecessor:} 14. Qc2 Bb7 15. Bd2 Re7 16. Rad1 Rae8 17. Kh2 h6 18. Bc1 Qb8 19. b3 Kh7 20. Bb2 {1-0 (51) Juhasz,B (2220)-Lutring,A (2015) Aggtelek 1996}) 14... h6 15. Rb1 Rb8 16. Bf1 g5 17. Qc2 Nf8 18. b4 {[%cal Bb2b4,Bb4b5][%mdl 32]} Ng6 19. b5 a5 20. Bg2 Bd7 21. Nd1 Qc8 22. g4 h5 23. Nxg5 hxg4 24. hxg4 Nxg4 25. Ne3 Qd8 26. Nxg4 Bxg4 27. Rb3 Be5 28. Nf3 Bxf3 $1 29. Rxf3 Kg7 30. Qc1 Rh8 31. Ree3 Qe7 32. Rf5 {[#]} Rbg8 $1 (32... Qh4 33. Rh3 $16) 33. Kf1 (33. Rd3 $142) 33... Nh4 $17 34. Rxe5 ({Avoid the trap} 34. f4 $2 Kf8 $19) (34. Rg5+ {was worth a try.} Qxg5 35. Rg3 Qxg3 36. fxg3 Nxg2 37. Kxg2) 34... dxe5 $19 35. Rg3+ {[#]} Ng6 $2 (35... Kf8 $1 $19 36. Bg5 f6 37. Bxh4 Rxh4 38. Rxg8+ Kxg8) 36. f4 $2 {[%mdl 8192]} (36. Qd1 $1 $11 {and White has nothing to worry.}) 36... exf4 37. Bxf4 Kf8 {[%cal Bg7f8,Bf8e8,Be8d7][%mdl 32] And now ...Qf6 would win.} 38. Bd2 Nh4 39. Bh6+ (39. Bg5 $142 Qe5 40. Qf4 Qxf4+ 41. Bxf4) 39... Ke8 {Black is clearly winning.} 40. Qf4 Rxg3 (40... Nxg2 41. Qb8+ Qd8 42. Qe5+ Kd7 43. Qf5+ Kc7 44. Rxg2 $17) 41. Qb8+ Qd8 42. Qe5+ Kd7 43. Bf4 {[#]} Rh6 $1 {Strongly threatening ...Rf6.} 44. Bxh6 Rxg2 45. Bf4 Rg6 {White must now prevent ...Rf6.} 46. Ke2 c4 47. Bg3 {[#]} Rxg3 $1 48. Qxg3 Ng6 49. Qh3+ Ke7 {Precision: White = 24%, Black = 69%.} 0-1

[Event "17th Asian Continental-ch Open 2018"]
[Site "Makati City"]
[Date "2018.12.16"]
[Round "7"]
[White "Nguyen, Ngoc Truong Son"]
[Black "Wei, Yi"]
[Result "1/2-1/2"]
[WhiteElo "2641"]
[BlackElo "2728"]
[Annotator "TA"]
[PlyCount "18"]
[EventDate "2018.12.07"]
[EventType "swiss"]
[EventRounds "9"]
[EventCountry "PHI"]
[SourceTitle "playchess.com"]
[Source "ChessBase"]
[SourceQuality "1"]

{[%evp 17,18,0,16]} 1. e4 c5 2. Nf3 d6 3. d4 cxd4 4. Nxd4 Nf6 5. Nc3 a6 6. Be3 $146 ({Predecessor:} 6. Bg5 e6 7. f4 Qb6 8. Nb3 Nbd7 9. Qe2 Qc7 10. O-O-O b5 11. a3 Be7 12. g4 h6 13. Bh4 Rb8 14. Be1 g5 15. f5 Ne5 16. h4 Nfxg4 17. hxg5 Bxg5+ 18. Bd2 {1-0 (64) Grischuk,A (2769)-Vachier Lagrave,M (2780) Douglas 2018}) 6... Ng4 7. Bc1 Nf6 8. Be3 Ng4 9. Bc1 Nf6 {LiveBook: 64196 Games} 1/2-1/2

[Event "17th Asian Continental-ch Open 2018"]
[Site "Makati City"]
[Date "2018.12.16"]
[Round "7"]
[White "Tabatabaei, M.amin"]
[Black "Sethuraman, S.P."]
[Result "1-0"]
[WhiteElo "2587"]
[BlackElo "2664"]
[Annotator "TA"]
[PlyCount "117"]
[EventDate "2018.12.07"]
[EventType "swiss"]
[EventRounds "9"]
[EventCountry "PHI"]
[SourceTitle "playchess.com"]
[Source "ChessBase"]
[SourceQuality "1"]

{[%evp 24,117,10,21,17,17,15,10,44,20,22,0,46,54,42,-27,-27,-40,70,0,0,0,0,0,0,0,209,207,212,10,27,6,4,8,6,0,4,0,0,0,0,0,51,0,67,54,57,46,53,40,39,37,50,56,85,44,96,100,93,93,98,94,77,76,93,97,92,93,110,109,150,144,345,339,504,501,500,500,489,488,447,454,447,380,748,747,730,575,5135,5056,29979,29980,29980,29981,29977,29975]} 1. d4 Nf6 2. c4 e6 3. g3 d5 4. Bg2 dxc4 5. Nf3 c5 6. O-O Nc6 7. Qa4 Bd7 8. Qxc4 b5 9. Qd3 c4 10. Qc2 {E04: Open Catalan: 5 Nf3} (10. Qd1 Rc8 11. b3 Na5 12. Ne5 cxb3 13. axb3 Rxc1 14. Qxc1 Nxb3 15. Qb2 Nxa1 16. Qxa1 Bd6 17. Qxa7 O-O 18. Nxd7 Nxd7 {½-½ (77) Yu,Y (2751)-Harikrishna,P (2744) Huaian 2017}) 10... Rc8 11. e4 Be7 12. Qe2 O-O 13. Rd1 {LiveBook: 7 Games. next d5 is good for White.} Na5 14. d5 $146 ({Predecessor:} 14. Nbd2 b4 15. e5 Nd5 16. Ne4 h6 17. g4 f5 {0-1 (99) Kaasen,T (2382)-Mikalsen,E (2287) Oslo 2018}) 14... exd5 15. e5 Ne4 16. Rxd5 Nc5 17. Nd4 Qe8 18. Bd2 Nab7 {[%cal Ba5b7,Bb7c5,Bc5e6][%mdl 32]} 19. Na3 ({White should try} 19. Nc3 $14) 19... a6 $11 20. Nac2 Ne6 (20... Be6 $15) 21. Rd1 ({White should play} 21. Nf5 $14) 21... Nxd4 22. Rxd4 Nc5 23. Nb4 Ne6 24. Rg4 f5 $2 (24... Nc7 $11) 25. exf6 $1 $18 Bxf6 26. Nd5 $2 (26. Bd5 $1 $18) 26... Nc5 $11 27. Nxf6+ Rxf6 28. Qxe8+ Rxe8 29. Rd4 {And now Bb4 would win.} Bc6 $132 {[%mdl 2048] Black is fighting back} 30. Bf1 Bf3 31. Re1 Rxe1 32. Bxe1 Kf7 (32... g5 $11) 33. Bc3 (33. Bb4 $14 Ne6 34. Rd7+ Kg8 35. h4) 33... Bc6 (33... g5 $11) 34. Rh4 Rh6 35. Rf4+ Kg8 36. h4 Re6 37. Bb4 Re5 {With the idea ...Ne6.} 38. Rd4 {Black must now prevent f4.} Nb7 39. a4 h6 (39... Rd5 $14 40. axb5 axb5) 40. axb5 axb5 41. Bg2 Bxg2 42. Kxg2 $16 {[%mdl 4096] Endgame KRB-KRN} Nc5 43. Rd8+ Kh7 44. Bc3 Re2 45. Kf3 Rc2 46. Rb8 Na4 {[#]} 47. Bd4 $1 ({Resist} 47. Rxb5 $6 Nxc3 48. bxc3 Rxc3+ 49. Ke4 Rc2 $14) 47... Rd2 $2 {[#]} (47... Nxb2 $16 48. Rb7 (48. Rxb5 Nd1 $18) 48... Kg8 49. Rxg7+ Kf8) 48. Ke3 $1 $18 {[%cal Re3d2]} Rd3+ (48... Rc2 {was worth a try.} 49. Rxb5 c3) 49. Ke4 Rb3 50. Rb7 Kg8 51. Rxg7+ Kf8 52. Rh7 Nxb2 53. Rxh6 Nd1 $2 (53... c3 54. Rc6 Nc4) 54. h5 {[%cal Bh4h5,Bh5h6][%mdl 32]} Rd3 55. Rb6 Rd2 56. h6 Kg8 57. Rb7 {White mates.} Nxf2+ 58. Kd5 Rxd4+ 59. Kxd4 {Precision: White = 68%, Black = 36%.} 1-0

[Event "17th Asian Continental-ch Open 2018"]
[Site "Makati City"]
[Date "2018.12.16"]
[Round "7"]
[White "Abdusattorov, Nodirbek"]
[Black "Vidit, Santosh Gujrathi"]
[Result "1/2-1/2"]
[WhiteElo "2546"]
[BlackElo "2701"]
[Annotator "TA"]
[PlyCount "30"]
[EventDate "2018.12.07"]
[EventType "swiss"]
[EventRounds "9"]
[EventCountry "PHI"]
[SourceTitle "playchess.com"]
[Source "ChessBase"]
[SourceQuality "1"]

{[%evp 16,30,0,-18,-16,-19,0,-4,18,3,16,13,13,10,15,0,41]} 1. e4 e5 2. Bc4 Nf6 3. d3 Nc6 4. Nc3 Bb4 5. Bg5 h6 6. Bxf6 Bxc3+ 7. bxc3 Qxf6 8. Ne2 d6 9. Qd2 {LiveBook: 4 Games. The position is equal. C28: Vienna Game: 2...Nf6 3 Bc4 Nc6} Qg5 10. Ng3 $146 ({Predecessor:} 10. g3 Qxd2+ 11. Kxd2 f5 12. f4 Rf8 13. exf5 Bxf5 14. fxe5 Nxe5 15. Bd5 c6 16. Bg2 Bg4 {1-0 (61) Liiva,R (2425)-Gyimesi,Z (2545) Parnu 1996}) 10... Qxd2+ 11. Kxd2 Be6 12. Bb3 Ne7 13. Raf1 g5 14. h4 {[#] And now hxg5 would win.} Kd7 15. d4 {Hoping for d5.} f6 1/2-1/2

[Event "17th Asian Continental-ch Open 2018"]
[Site "Makati City"]
[Date "2018.12.17"]
[Round "8"]
[White "Wei, Yi"]
[Black "Abdusattorov, Nodirbek"]
[Result "1-0"]
[WhiteElo "2728"]
[BlackElo "2546"]
[Annotator "TA"]
[PlyCount "37"]
[EventDate "2018.12.07"]
[EventType "swiss"]
[EventRounds "9"]
[EventCountry "PHI"]
[SourceTitle "playchess.com"]
[Source "ChessBase"]
[SourceQuality "1"]

{[%evp 10,37,27,9,56,47,64,68,93,85,126,68,60,69,109,83,90,83,82,97,136,131,128,106,290,280,266,218,233,220]} 1. Nf3 Nf6 2. c4 e6 3. Nc3 b6 4. e4 {[%cal Be2e4,Be4e5][%mdl 32]} Bb7 5. Qe2 c5 6. e5 {LiveBook: 8 Games. A17: English Opening: 1...Nf6 with ...Bb4} Ng4 7. d4 cxd4 $146 ({Predecessor:} 7... d6 8. d5 Nxe5 9. Nxe5 dxe5 10. Qxe5 Nd7 11. Qg3 e5 12. Bd3 g6 13. O-O {1-0 (51) Prusikin,M (2540)-Petrik,T (2452) Steinbrunn 2005}) 8. Nxd4 {White is slightly better.} Nh6 9. Bxh6 gxh6 10. h4 (10. Rd1 $16) 10... Nc6 11. O-O-O Qb8 12. Nf3 Bg7 {[%cal Rc6e5]} 13. Ne4 {[#] Black must now prevent Nd6+.} O-O 14. Nd6 f6 {[%cal Rc6e5]} 15. Rh3 f5 16. Rg3 Nd8 $2 {[#]} (16... Kh8 $16) 17. Nd4 $18 Kh8 18. f4 Nf7 19. N4b5 {Precision: White = 74%, Black = 37%.} 1-0

[Event "17th Asian Continental-ch Open 2018"]
[Site "Makati City"]
[Date "2018.12.17"]
[Round "8"]
[White "Vidit, Santosh Gujrathi"]
[Black "Nguyen, Ngoc Truong Son"]
[Result "1/2-1/2"]
[WhiteElo "2701"]
[BlackElo "2641"]
[Annotator "TA"]
[PlyCount "41"]
[EventDate "2018.12.07"]
[EventType "swiss"]
[EventRounds "9"]
[EventCountry "PHI"]
[SourceTitle "playchess.com"]
[Source "ChessBase"]
[SourceQuality "1"]

{[%evp 14,41,0,-11,5,14,18,16,32,22,38,35,50,18,17,0,6,0,0,0,0,-9,0,0,0,-17,0,0,0,0]} 1. d4 d5 2. c4 e6 3. Nf3 Nf6 4. g3 Bb4+ 5. Bd2 Be7 6. Bg2 c6 7. Bc3 {E11: Bogo-Indian} (7. Qc2 b6 8. O-O Bb7 9. Rd1 Nbd7 10. Bf4 Rc8 11. Nc3 dxc4 12. Nd2 Nd5 13. Nxc4 Nxf4 14. gxf4 O-O 15. Rac1 {½-½ (23) Kuzubov,Y (2647)-Vitiugov,N (2730) Linares 2018}) 7... dxc4 8. Ne5 {LiveBook: 9 Games} O-O 9. Nxc4 b6 $146 ({Predecessor:} 9... b5 10. Ba5 Qe8 11. Ne5 Bb7 12. O-O Nd5 13. Nd2 Nd7 14. Nxd7 Qxd7 {1-0 (73) Dorfman,J (2595)-Saric,A (2455) Cannes 2006}) 10. O-O Bb7 11. b4 Nbd7 12. Qb3 Qc7 13. Bd2 c5 {Strongly threatening ...Bxg2.The position is equal.} 14. Bf4 Qc8 $1 15. Nd6 Bxd6 $1 16. Bxb7 Qxb7 17. Bxd6 c4 18. Qxc4 Rfc8 19. Qb3 Qc6 20. Bf4 Qc4 21. Qxc4 {Accuracy: White = 74%, Black = 48%.} 1/2-1/2

[Event "17th Asian Continental-ch Open 2018"]
[Site "Makati City"]
[Date "2018.12.17"]
[Round "8"]
[White "Maghsoodloo, Parham"]
[Black "Le, Quang Liem"]
[Result "1/2-1/2"]
[WhiteElo "2688"]
[BlackElo "2714"]
[Annotator "TA"]
[PlyCount "85"]
[EventDate "2018.12.07"]
[EventType "swiss"]
[EventRounds "9"]
[EventCountry "PHI"]
[SourceTitle "playchess.com"]
[Source "ChessBase"]
[SourceQuality "1"]

{[%evp 19,85,0,0,0,14,11,22,2,13,20,20,11,16,14,26,9,30,0,0,0,0,0,0,0,19,19,15,20,21,20,28,28,28,28,25,18,18,18,18,19,28,23,21,21,21,21,21,21,24,16,18,24,24,0,16,0,0,0,0,0,0,0,0,0,0,0,8,0]} 1. Nf3 d5 2. g3 Nf6 3. Bg2 e6 4. O-O Be7 5. c4 d4 (5... O-O 6. b3 c5 7. Bb2 b6 8. cxd5 Nxd5 9. d4 Bb7 10. dxc5 Bxc5 11. Nc3 Nd7 12. Nxd5 Bxd5 13. Qd3 Qe7 14. Rad1 Rfd8 15. Qc3 Nf6 16. Qe5 Rac8 17. Nh4 Bxg2 18. Rxd8+ Qxd8 19. Kxg2 {½-½ (45) So,W (2778)-Kramnik,V (2792) Paris 2018}) 6. e3 {A14: English Opening: 1...e6 with b3 by White} c5 7. exd4 cxd4 8. d3 Nc6 9. Re1 O-O 10. b3 Re8 {LiveBook: 18 Games} 11. Ba3 h6 $146 ({Predecessor:} 11... Bxa3 12. Nxa3 e5 13. c5 Nd5 14. Qd2 f6 15. Nb5 Be6 {½-½ (41) Sommerbauer,N (2444)-Szabo,K (2541) Austria 2013}) 12. Bxe7 Rxe7 13. a3 e5 14. b4 Qc7 15. Nbd2 Bf5 16. Qc2 Rd8 17. c5 Nd5 18. Ne4 Bxe4 19. Rxe4 Nc3 20. Ree1 a5 21. Qb2 axb4 22. axb4 Nd5 23. Ra4 b5 24. cxb6 $1 Qxb6 25. b5 Rb8 26. Rc4 {Nh4 is the strong threat.} Nc3 27. Rxc6 {[%mdl 64] [#] Remove Defender} Qxc6 28. Nxd4 $1 exd4 29. Bxc6 Rxe1+ 30. Kg2 Re6 31. Qb3 Nxb5 $1 ({Don't go for} 31... Rxc6 $2 32. bxc6 Rxb3 33. c7 $18) 32. Bd5 Rf6 33. Qb4 Rf5 34. Bc4 Re8 35. g4 Rfe5 36. Bb3 R8e7 {The position is equal.} 37. h4 g5 38. Bd5 Nc3 39. Bf3 Ne2 40. Be4 Kg7 41. Kf3 Ng1+ 42. Kg2 Ne2 43. Kf3 {Accuracy: White = 68%, Black = 72%.} 1/2-1/2